000 00386pab a2200157 454500
008 180718b1956 xxu||||| |||| 00| 0 eng d
100 _aBapat, S.B.
245 _aThoughts on co-ordination
260 _c1956
300 _ap.261-266.
362 _aJul-Sep
650 _aPublic administration
773 _aIndian Journal of Public Administration
908 _aN
909 _a100692
999 _c100691
_d100691